000 00279nam a22001217a 4500
008 230620b xxu||||| |||| 00| 0 eng d
082 _a324.64
_bECK
100 _cECK
245 _aTowards Free and Fair Elections
260 _aKenya
_bECK
_c1999
300 _a60p
942 _2ddc
_cBK
999 _c1737
_d1737